[Event "Wellington Club Championship - Open Swiss"]
[Site "Wellington Chess Club"]
[Date "2024.12.05"]
[Round "11.2"]
[White "Grant, Elliot"]
[Black "Qu, Lucas"]
[Result "1-0"]
[WhiteElo "1667"]
[BlackElo "1620"]
[PlyCount "111"]
[EventDate "2024.09.26"]

1. e4 e5 2. Nf3 Nc6 3. Bc4 Bc5 4. c3 Nf6 5. d4 exd4 6. e5 d5 7. Bb5 Ne4 8. cxd4
Bb4+ 9. Nbd2 Bg4 10. Qa4 Bxf3 11. Bxc6+ bxc6 12. gxf3 Nxd2 13. Qxc6+ Kf8 14.
Bxd2 Bxd2+ 15. Kxd2 Rb8 16. b3 Qh4 17. Ke3 Qh6+ 18. Qxh6 gxh6 19. Rhg1 Rg8 20.
Rxg8+ Kxg8 21. Rc1 Rc8 22. Rc5 c6 23. b4 a6 24. Kd3 Kf8 25. a4 Ke7 26. b5 axb5
27. axb5 Kd7 28. bxc6+ Rxc6 29. Rxd5+ Ke6 30. Ra5 Rb6 31. Ke4 f6 32. exf6 Kxf6
33. Ra2 Re6+ 34. Kf4 Rd6 35. Rd2 Rd5 36. Ke4 Rh5 37. d5 Ke7 38. f4 Rxh2 39. Ke5
Rh5+ 40. f5 Rg5 41. Ra2 Rg2 42. Ra7+ Kd8 43. Kd6 Ke8 44. Ke6 Kf8 45. Rf7+ Kg8
46. d6 Rxf2 47. d7 Rd2 48. Re7 h5 49. Re8+ Kg7 50. f6+ Kg6 51. Rg8+ Kh6 52.
d8=Q Re2+ 53. Kf7 h4 54. Qf8+ Kh5 55. Qc5+ Kh6 56. Qg5# 1-0

[Event "Wellington Club Championship - Open Swiss"]
[Site "Wellington Chess Club"]
[Date "2024.12.05"]
[Round "11.3"]
[White "Ashe, Michael"]
[Black "Kang, Eushin"]
[Result "1/2-1/2"]
[WhiteElo "1591"]
[BlackElo "1500"]
[WhiteFideId "4310462"]
[BlackFideId "0"]
[PlyCount "0"]
[EventDate "2024.09.26"]
[SourceDate ""]

1. d4 d5 2. c4 e6 3. Nc3 Nf6 4. cxd5 exd5 5. Bg5 c6 6. e3 h6 7. Bh4 Be7 8. Bd3
O-O 9. Qc2 Ne8 10. Bxe7 Qxe7 11. Nge2 Nd6 12. O-O a5 13. Rab1 Na6 14. a3 b5 15.
b3 b4 16. Bxa6 Bxa6 17. axb4 axb4 18. Na4 Ne4 19. Rfc1 Bb5 20. Ng3 Bxa4 21.
bxa4 Nc3 22. Nf5 Qf6 23. Rxb4 Nxa4 24. Rxa4 Rxa4 25. Nxh6+ Qxh6 26. Qxa4 Rc8
27. h3 Qe6 28. Rc5 f5 29. Qc2 Qe4 30. Qxe4 fxe4 31. f3 exf3 32. gxf3 Kf7 33.
Kf2 Ke7 34. e4 dxe4 35. fxe4 Rf8+ 36. Kg3 Rd8 37. d5 cxd5 38. Rxd5 Rf8 39. Rg5
Rf7 40. Kg4 Ke6 41. h4 Rf1 42. Rf5 Rg1+ 43. Kh3 Rh1+ 44. Kg3 Rg1+ 45. Kf2 Rg4
1/2-1/2

[Event "Wellington Club Championship - Open Swiss"]
[Site "Wellington Chess Club"]
[Date "2024.12.05"]
[Round "11.4"]
[White "Darr, Samuel"]
[Black "Wilkins, Mark"]
[Result "0-1"]
[WhiteElo "1679"]
[BlackElo "1906"]
[WhiteFideId "4306120"]
[BlackFideId "4302389"]
[PlyCount "0"]
[EventDate "2024.09.26"]
[SourceDate ""]

1. e4 c6 2. d4 d5 3. exd5 cxd5 4. c4 Nf6 5. Nc3 Nc6 6. Nf3 a6 7. Bg5 Be6 8. Be2
dxc4 $4 9. Bxf6 exf6 10. d5 Nb4 11. dxe6 fxe6 12. O-O Qc7 13. a3 Rd8 14. Qc1
Nd3 15. Bxd3 cxd3 16. Qe3 e5 17. Rfd1 Bc5 18. Qe4 Qb6 19. Na4 Bxf2+ 20. Kf1 Qe3
21. Qxe3 Bxe3 22. Nc3 Kf7 23. Ne4 Rd5 24. Ng3 g6 25. a4 Rc8 26. Ne1 d2 27. Nf3
Rc1 28. Ke2 Bf4 29. Ne4 Rc2 30. g3 Bh6 31. b4 Rc4 32. Nexd2 Rxb4 33. Rdb1 Bxd2
34. Nxd2 Rdd4 35. Rxb4 Rxb4 36. Rc1 Rxa4 37. Rc7+ Kg8 38. Rxb7 f5 39. Nb3 Ra2+
40. Nd2 a5 41. Kd3 e4+ 42. Ke3 a4 43. Ra7 Ra1 44. Nc4 Ra2 45. Kf4 Rxh2 46. Rxa4
Kg7 47. Ra6 Rf2+ 48. Kg5 h6+ 49. Kh4 Rh2# 0-1

[Event "Wellington Club Championship - Open Swiss"]
[Site "Wellington Chess Club"]
[Date "2024.12.05"]
[Round "11.5"]
[White "Hurndell, Robert"]
[Black "Lieser, Joshua"]
[Result "0-1"]
[WhiteElo "1730"]
[BlackElo "1643"]
[WhiteFideId "4310233"]
[BlackFideId "4326385"]
[PlyCount "0"]
[EventDate "2024.09.26"]
[SourceDate ""]

1. e4 c6 2. Nc3 d5 3. Nf3 dxe4 4. Nxe4 Bf5 5. Ng3 Bg6 6. h4 h6 7. Ne5 Qd6 8.
Nxg6 Qxg6 9. Bc4 Nd7 10. a3 Ne5 11. h5 Qd6 12. Bb3 Nf6 13. d3 e6 14. Bd2 a5 15.
Qe2 Qc7 16. Ne4 Be7 17. Nxf6+ Bxf6 18. O-O-O O-O 19. f4 Nd7 20. g4 Nc5 21. g5
Nxb3+ 22. cxb3 hxg5 23. fxg5 Qe5 24. Qxe5 Bxe5 25. Rde1 Bc7 26. Bc3 Bf4+ 27.
Bd2 Bxd2+ 28. Kxd2 Rad8 29. Re5 Rd5 30. Rhe1 Rfd8 31. R1e3 Rxe5 32. Rxe5 Rd5
33. Rxd5 cxd5 34. d4 Kh7 35. Ke3 f6 36. Kf4 b5 37. b4 a4 38. Kg4 e5 39. dxe5
fxe5 40. Kf5 d4 41. Ke4 Kg8 42. g6 Kf8 43. Kxe5 d3 44. Kd4 d2 45. Kc5 d1=Q 46.
Kxb5 Qxh5+ 47. Kxa4 Qxg6 0-1

[Event "Wellington Club Championship - Open Swiss"]
[Site "Wellington Chess Club"]
[Date "2024.12.05"]
[Round "11.6"]
[White "Lavender, Ariel J"]
[Black "Marney, John"]
[Result "1/2-1/2"]
[WhiteElo "1547"]
[BlackElo "1696"]
[WhiteFideId "0"]
[BlackFideId "0"]
[PlyCount "0"]
[EventDate "2024.09.26"]
[SourceDate ""]

1. Nf3 Nf6 2. c4 e6 3. d4 d5 4. g3 Be7 5. Bg2 O-O 6. O-O dxc4 7. Nbd2 c5 8.
Nxc4 Nc6 9. e3 Rb8 10. Qc2 cxd4 11. Rd1 Nb4 12. Qb3 Qc7 13. Nxd4 a6 14. e4 b5
15. Bf4 bxc4 16. Bxc7 cxb3 17. Bxb8 bxa2 18. e5 Nfd5 19. Ne2 Re8 20. Bxd5 exd5
21. Nc3 Bg4 22. Bd6 Bxd6 23. exd6 Bxd1 24. Rxd1 Rd8 25. Ra1 Rxd6 26. Nxa2 Nxa2
27. Rxa2 f5 28. Kf1 Kf7 29. Ke2 g5 30. Kd3 Ke6 31. Ra5 h5 32. g4 f4 33. Kd4
1/2-1/2

[Event "Wellington Club Championship - Open Swiss"]
[Site "Wellington Chess Club"]
[Date "2024.12.05"]
[Round "11.7"]
[White "Xu, Laura"]
[Black "Farrington, Lawrence B"]
[Result "1/2-1/2"]
[WhiteElo "1500"]
[BlackElo "1646"]
[WhiteFideId "0"]
[BlackFideId "4301749"]
[PlyCount "0"]
[EventDate "2024.09.26"]
[SourceDate ""]

1. e4 e6 2. d4 d5 3. e5 c5 4. c3 Nc6 5. f4 Nge7 6. Nf3 Nf5 7. g4 Nh4 8. Be3
Nxf3+ 9. Qxf3 cxd4 10. cxd4 Bb4+ 11. Nc3 Qa5 12. Bf2 Bd7 13. a3 Rc8 14. Rc1
Bxc3+ 15. Qxc3 Qxc3+ 16. Rxc3 O-O 17. Bd3 Na5 18. Rg1 Rxc3 19. bxc3 Rc8 20. Kd2
Nc4+ 21. Bxc4 Rxc4 22. Rb1 b6 23. Bh4 Kf8 24. Rb4 Rc8 25. Be1 Ke8 26. Ke3 g6
27. h4 Ke7 28. h5 Rg8 29. Bh4+ Ke8 30. h6 Bc6 31. c4 dxc4 32. Rxc4 Kd7 33. Kd2
Rc8 34. g5 Rc7 35. Kc3 Be4 36. Rxc7+ Kxc7 37. Bf2 1/2-1/2

[Event "Wellington Club Championship - Open Swiss"]
[Site "Wellington Chess Club"]
[Date "2024.12.05"]
[Round "11.8"]
[White "Pickering, Dean"]
[Black "Rose, Jim"]
[Result "0-1"]
[WhiteElo "1274"]
[BlackElo "1522"]
[WhiteFideId "0"]
[BlackFideId "4326776"]
[PlyCount "0"]
[EventDate "2024.09.26"]
[SourceDate ""]

1. e4 d6 2. d4 Nf6 3. Nc3 g6 4. Nf3 Bg7 5. Be3 O-O 6. Bd3 Bg4 7. h3 Bxf3 8.
Qxf3 Nbd7 9. O-O-O c6 10. h4 h5 11. Bg5 b5 12. d5 b4 13. Ne2 Ne5 14. Qe3 Qa5
15. Kb1 c5 16. f4 Neg4 17. Qf3 Rfc8 18. Nc1 c4 19. Be2 Rab8 20. Ka1 Nxe4 21.
Qxe4 Bxb2+ 22. Kxb2 c3+ 23. Ka1 Qa3 24. Nd3 Nf2 0-1

[Event "Wellington Club Championship - Open Swiss"]
[Site "Wellington Chess Club"]
[Date "2024.12.05"]
[Round "11.9"]
[White "Page, Archer"]
[Black "Munim, Ahmed"]
[Result "0-1"]
[WhiteElo "1600"]
[BlackElo "1542"]
[PlyCount "67"]
[EventDate "2024.09.26"]

1. d4 Nf6 2. c4 d6 3. Nf3 g6 4. Nc3 Bg7 5. e4 O-O 6. Be2 c5 7. d5 e6 8. O-O
exd5 9. exd5 Nbd7 10. Bf4 Nb6 11. Nb5 Ne8 12. Qc2 Bf5 13. Qd2 Bg4 14. Rab1 Bxf3
15. gxf3 a6 16. Nc3 Nf6 17. b3 Nh5 18. Bg3 f5 19. f4 Nf6 20. Rfe1 Ng4 21. Bxg4
fxg4 22. Re6 Nc8 23. Ne4 Re8 24. Rd1 Rxe6 25. dxe6 Bd4 26. Qe2 Ne7 27. Qxg4 Nf5
28. Qe2 h5 29. h4 Nxh4 30. Bxh4 Qxh4 31. Qf3 Rf8 32. Qg3 Bxf2+ 33. Qxf2 Qg4+
34. Qg2 0-1

[Event "Wellington Club Championship - Open Swiss"]
[Site "Wellington Chess Club"]
[Date "2024.12.05"]
[Round "11.10"]
[White "Asher, Bruce"]
[Black "Saglam, Azra Sena"]
[Result "0-1"]
[WhiteElo "1153"]
[BlackElo "1589"]
[PlyCount "56"]
[EventDate "2024.09.26"]

1. e4 c5 2. Nf3 e6 3. Bc4 Nc6 4. d3 d5 5. exd5 exd5 6. Bb5 Qa5+ 7. Nc3 d4 8.
Bxc6+ bxc6 9. b4 Qxb4 10. Bd2 dxc3 11. Bg5 h6 12. Bh4 Be7 13. Qe2 Be6 14. Bg3
Nf6 15. h3 Qb2 16. O-O O-O 17. Rfb1 Qa3 18. Rb3 Bxb3 19. cxb3 Rfe8 20. Qc2 Nd5
21. Ne5 Rac8 22. Nc4 Qa6 23. Be5 Rcd8 24. Ne3 Nxe3 25. fxe3 Qxd3 26. Qf2 Bg5
27. Qg3 Qxe3+ 28. Qf2 Qxf2+ 0-1

[Event "Wellington Club Championship - Open Swiss"]
[Site "Wellington Chess Club"]
[Date "2024.12.05"]
[Round "11.11"]
[White "Hupert, Leo"]
[Black "Thingbaijam, Conan"]
[Result "0-1"]
[WhiteElo "1389"]
[BlackElo "1325"]
[PlyCount "74"]
[EventDate "2024.09.26"]

1. e4 e6 2. d4 d5 3. e5 c5 4. c3 Nc6 5. Nf3 Qb6 6. Na3 Nge7 7. Rb1 Nf5 8. Nc2
Be7 9. Bd3 O-O 10. Bxf5 exf5 11. Bg5 Bxg5 12. Nxg5 h6 13. Nf3 Be6 14. Ne3 Rae8
15. Qb3 Qxb3 16. axb3 f6 17. O-O fxe5 18. dxc5 e4 19. Nd4 Nxd4 20. cxd4 f4 21.
Nc2 Rc8 22. b4 b6 23. Ra1 Rf7 24. Ra6 Rb7 25. Rfa1 Rcc7 26. b5 bxc5 27. Rxe6
Rxb5 28. Ra2 cxd4 29. b4 Rxb4 30. h4 Rbc4 31. Na1 Rc1+ 32. Kh2 e3 33. fxe3 dxe3
34. Nb3 Rd1 35. Re2 d4 36. Rd6 d3 37. Ra2 e2 0-1

[Event "Wellington Club Championship - Open Swiss"]
[Site "Wellington Chess Club"]
[Date "2024.12.05"]
[Round "11.12"]
[White "Hao, John"]
[Black "Sethuramalingam, Niranjana"]
[Result "1-0"]
[WhiteElo "1045"]
[BlackElo "1098"]
[WhiteFideId "4326377"]
[BlackFideId "4326415"]
[PlyCount "0"]
[EventDate "2024.09.26"]
[SourceDate ""]

1. e4 e5 2. Nf3 Nc6 3. Bc4 Bc5 4. c3 Nf6 5. d4 Bd6 6. Bg5 h6 7. Bh4 g5 8. Bg3
Nxe4 9. Nxe5 Qf6 10. Nxc6 Bxg3 11. O-O Bxf2+ 12. Kh1 dxc6 13. Qe2 Qf4 14. Bd3
Bf5 15. Bxe4 Bxe4 16. Rxf2 Qh4 17. Nd2 O-O 18. Nxe4 Rfe8 19. Nf6+ Kf8 20. Nxe8
Rxe8 21. Rxf7+ Kxf7 22. Rf1+ Kg7 23. Qxe8 g4 24. Rf7+ Kg6 25. Rf8+ Kg5 26. Qe5+
Kg6 27. Rg8+ Kf7 28. Qe8+ Kf6 29. Rg6+ Kf5 30. Qe6+ Kf4 31. Qe5# 1-0

[Event "Wellington Club Championship - Open Swiss"]
[Site "Wellington Chess Club"]
[Date "2024.12.05"]
[Round "11.13"]
[White "Ravi, Vrajesh"]
[Black "Sun, William"]
[Result "0-1"]
[WhiteElo "1114"]
[BlackElo "807"]
[PlyCount "78"]
[EventDate "2024.09.26"]

1. e4 c6 2. d4 d5 3. Nc3 e6 4. exd5 exd5 5. Nf3 c5 6. dxc5 Bxc5 7. Nxd5 Ne7 8.
Bb5+ Bd7 9. Nxe7 Qxe7+ 10. Be2 Bb5 11. Bg5 f6 12. Bf4 Nc6 13. b3 Nd4 14. c4 Rd8
15. cxb5 Nxf3+ 16. gxf3 Rxd1+ 17. Rxd1 O-O 18. Rd3 Re8 19. Be3 h6 20. Rc3 Bb4
21. Bc4+ Kh8 22. Kd2 Bxc3+ 23. Kxc3 Qa3 24. Bd5 Rxe3+ 25. fxe3 Qc5+ 26. Bc4
Qxe3+ 27. Kb4 Qxf3 28. Rf1 Qg2 29. Rd1 g6 30. Rd8+ Kg7 31. Rd7+ Kf8 32. Rf7+
Ke8 33. Rxf6 Qxa2 34. Re6+ Kd7 35. Re2 Qa1 36. Rd2+ Kc7 37. Re2 b6 38. Re7+ Kd8
39. Rg7 Qa5# 0-1

[Event "Wellington Club Championship - Open Swiss"]
[Site "Wellington Chess Club"]
[Date "2024.12.05"]
[Round "11.15"]
[White "Cao, Sam"]
[Black "Dey, Kyle"]
[Result "1-0"]
[WhiteElo "1048"]
[BlackElo "917"]
[PlyCount "50"]
[EventDate "2024.09.26"]

1. e4 e5 2. Nf3 Nc6 3. d4 exd4 4. Bc4 Bc5 5. c3 dxc3 6. Bxf7+ Kxf7 7. Qd5+ Ke8
8. Qh5+ g6 9. Qxc5 cxb2 10. Bxb2 b6 11. Qc3 Nf6 12. Qxf6 Qxf6 13. Bxf6 Rf8 14.
Bb2 d6 15. O-O Bg4 16. Nd4 Ne5 17. h3 Nd3 18. Ba3 Bd7 19. Rd1 Nxf2 20. Re1 Nd3
21. Re3 Nf4 22. e5 dxe5 23. Bxf8 e4 24. Ba3 Nd5 25. Rxe4+ Ne7 1-0

[Event "Wellington Club Championship - Open Swiss"]
[Site "Wellington Chess Club"]
[Date "2024.12.05"]
[Round "11.16"]
[White "Joseph, Joji Chacko"]
[Black "Brockway, Andrew"]
[Result "1-0"]
[WhiteElo "1584"]
[BlackElo "1713"]
[WhiteFideId "4308816"]
[BlackFideId "4301340"]
[PlyCount "0"]
[EventDate "2024.09.26"]
[SourceDate ""]

1. e4 c6 2. d4 d5 3. exd5 cxd5 4. c4 dxc4 5. Bxc4 Nf6 6. Nf3 Bg4 7. O-O e6 8.
Qa4+ Nfd7 9. Ne5 Bh5 10. d5 Qc7 11. Nxd7 Nxd7 12. dxe6 fxe6 13. Bxe6 O-O-O 14.
Bf4 b5 15. Qa6+ 1-0

[Event "Wellington Club Championship - Open Swiss"]
[Site "Wellington Chess Club"]
[Date "2024.12.05"]
[Round "11.18"]
[White "Hamilton, Marcus"]
[Black "Rippon, Joshua"]
[Result "1/2-1/2"]
[WhiteElo "1300"]
[BlackElo "1772"]
[WhiteFideId "0"]
[BlackFideId "0"]
[PlyCount "0"]
[EventDate "2024.09.26"]
[SourceDate ""]

1. e4 c6 2. Nf3 d5 3. Nc3 Bg4 4. h3 Bh5 5. g4 Bg6 6. Bd3 e6 7. Qe2 d4 8. Nd1
Bc5 9. Ne5 Ne7 10. Nxg6 Nxg6 11. Qf3 e5 12. Bf1 Nd7 13. d3 b5 14. Qg3 Bb6 15.
h4 h6 16. h5 Ne7 17. g5 Ng8 18. Bh3 Bc7 19. f4 exf4 20. Bxf4 Bxf4 21. Qxf4 hxg5
22. Bxd7+ Qxd7 23. Qxg5 f6 24. Qg3 O-O-O 25. Nf2 Qf7 26. Qg4+ Kb7 27. O-O-O
Qxa2 28. Qxg7+ Ne7 29. Qxe7+ Kb6 30. Qxf6 Qa1+ 31. Kd2 Qxb2 32. Rc1 Rdf8 33.
Qh4 Rf3 34. Rh3 Rhf8 35. Nd1 Qb4+ 36. Ke2 R3f4 37. Qg3 Qa3 38. Kd2 Rf1 39. Rh2
Qb4+ 40. Ke2 Qa3 41. Kd2 Qb4+ 42. Ke2 R8f4 43. h6 Qa3 44. Kd2 Qb4+ 45. Ke2 Qa3
46. Kd2 Qb4+ 1/2-1/2